Na čo je nám interkultúrna komunikácia ?

Príspevok sa zaoberá praktickým využitím poznatkov a výsledkov výskumu z oblasti interkultúrnej komunikácie. Dáva odpoveď na otázku uvedenú v nadpise.

Enregistré dans:
Détails bibliographiques
Auteur principal: Hulajová, Ľubica
Format: Chapitre de livre
Langue:slovaque
Sujets:
Tags: Ajouter un tag
Pas de tags, Soyez le premier à ajouter un tag!

MARC

LEADER 00000naa$a2200000$$$4500
001 0081921
005 20240502071923.9
041 0 |a slo 
044 |a SK 
245 1 0 |a Na čo je nám interkultúrna komunikácia ?  |c Ľubica Hulajová 
520 |a Príspevok sa zaoberá praktickým využitím poznatkov a výsledkov výskumu z oblasti interkultúrnej komunikácie. Dáva odpoveď na otázku uvedenú v nadpise. 
610 2 0 |a komunikácia 
610 2 0 |a komunikácia multikultúrna 
610 2 0 |a vývoj 
100 1 |a Hulajová, Ľubica